000 00749nam a2200229 a 4500
001 26634
003 CO-ViMGA
008 141112s2004 ck r 000 u spa d
020 _a9561311437
040 _aCO-ViMGA
_bspa
_cCO-ViMGA
082 0 4 _a813 A41h
100 1 _aAlcott, Louisa May, 1832 - 1888
_93667
245 1 0 _aHombrecitos /
_cLouisa May Alcott ; texto abreviado de Hernán Poblete ; ilustraciones de Eduardo Osorio.
250 _a10a. ed.
260 _aChile :
_bAndres Bello,
_c2006
300 _a211 p.; 19 cm
490 0 _a[Club de lectores Andrés Bello] ; 44
500 _aGuia de trabajo al final del texto
650 1 4 _aNovelas juveniles estadounidenses
_93668
700 1 _aPoblete Varas, Hernán, 1919 - .
942 _2ddc
_cBK
999 _c9986
_d9986